<?xml version="1.0" encoding="UTF-8"?>
<record
    xmlns:xsi="http://www.w3.org/2001/XMLSchema-instance"
    xsi:schemaLocation="http://www.loc.gov/MARC21/slim http://www.loc.gov/standards/marcxml/schema/MARC21slim.xsd"
    xmlns="http://www.loc.gov/MARC21/slim">

  <leader>007650000a22002170004500</leader>
  <datafield tag="090" ind1=" " ind2=" ">
    <subfield code="a">Seriadas</subfield>
  </datafield>
  <datafield tag="245" ind1="1" ind2="0">
    <subfield code="a">Aspectos reproductivos de la orqu&#xED;dea Masdevallia ignea Rchb.f en condiciones de cultivo en el Jard&#xED;n Bot&#xE1;nico de Bogot&#xE1; Jos&#xE9; Celestino Mutis</subfield>
  </datafield>
  <datafield tag="260" ind1=" " ind2=" ">
    <subfield code="c">2005</subfield>
  </datafield>
  <datafield tag="044" ind1=" " ind2=" ">
    <subfield code="a">Colombia</subfield>
  </datafield>
  <datafield tag="041" ind1="0" ind2=" ">
    <subfield code="a">Espa&#xF1;ol</subfield>
  </datafield>
  <datafield tag="690" ind1=" " ind2=" ">
    <subfield code="a">Flora de colombia</subfield>
    <subfield code="9">29781</subfield>
  </datafield>
  <datafield tag="690" ind1=" " ind2=" ">
    <subfield code="a">Bosque altoandino</subfield>
    <subfield code="9">100547</subfield>
  </datafield>
  <datafield tag="690" ind1=" " ind2=" ">
    <subfield code="a">Biolog&#xED;a reproductiva</subfield>
    <subfield code="9">3705</subfield>
  </datafield>
  <datafield tag="690" ind1=" " ind2=" ">
    <subfield code="a">Polinizaci&#xF3;n</subfield>
    <subfield code="9">94027</subfield>
  </datafield>
  <datafield tag="700" ind1="1" ind2=" ">
    <subfield code="a">Bonilla G&#xF3;mez, Mar&#xED;a Argenis</subfield>
    <subfield code="9">938</subfield>
  </datafield>
  <datafield tag="700" ind1="1" ind2=" ">
    <subfield code="a">Cure Hakim, Jos&#xE9; Ricardo</subfield>
    <subfield code="9">100548</subfield>
  </datafield>
  <datafield tag="700" ind1="1" ind2=" ">
    <subfield code="a">Pacheco Salamanca, Ricardo A.</subfield>
    <subfield code="9">100544</subfield>
  </datafield>
  <datafield tag="100" ind1="1" ind2=" ">
    <subfield code="a">Chavarro Rodr&#xED;guez, Nathalia</subfield>
    <subfield code="9">100549</subfield>
  </datafield>
  <datafield tag="942" ind1=" " ind2=" ">
    <subfield code="c">ARTICULO</subfield>
  </datafield>
  <datafield tag="773" ind1="1" ind2=" ">
    <subfield code="t">P&#xE9;rez Arbelaezia</subfield>
    <subfield code="h">16</subfield>
    <subfield code="q">59-70</subfield>
    <subfield code="d">2005</subfield>
  </datafield>
  <datafield tag="999" ind1=" " ind2=" ">
    <subfield code="c">16305</subfield>
    <subfield code="d">16305</subfield>
  </datafield>
</record>
